书目信息 |
| 题名: |
爬上豆蔓看自己
|
|
| 作者: | 高美霞 著 | |
| 分册: | ||
| 出版信息: | 北京 北京师范大学出版社 2008 |
|
| 页数: | 331页 | |
| 开本: | 21cm | |
| 丛书名: | 幼儿教师专业成长丛书 | |
| 单 册: | ||
| 中图分类: | G61-53 | |
| 科图分类: | ||
| 主题词: | 学前教育--xue qian jiao yu--文集 | |
| 电子资源: | ||
| ISBN: | 978-7-303-08616-0 | |
| 000 | 01170nam0 22002651 450 | |
| 001 | 387884 | |
| 005 | 20170502165602.0 | |
| 010 | @a978-7-303-08616-0@dCNY20.00 | |
| 100 | @a20080721d2008 em y0chiy50 ea | |
| 101 | 0 | @achi |
| 102 | @aCN@b110000 | |
| 105 | @ay z 000yy | |
| 106 | @ar | |
| 200 | 1 | @a爬上豆蔓看自己@9pa shang dou man kan zi ji@e辛黛瑞拉的教育日记@f高美霞著 |
| 210 | @a北京@c北京师范大学出版社@d2008 | |
| 215 | @a331页@d21cm | |
| 225 | 2 | @a幼儿教师专业成长丛书@9you er jiao shi zhuan ye cheng chang cong shu |
| 330 | @a本书记录了一个普通幼儿园教师在和孩子、家长交流中的喜怒哀乐,自己专业成长的足迹,对生活、工作以及生命的感悟与体会。全书共分六部分,第一、二部分介绍了作者的理想教育生活和日常教育生活;第三部分介绍了作者和孩子的沟通、交流;第四部分介绍了作者在教学中的感悟;第五部分介绍了作者和家长的爱心联系;第六部分抒发了作者对生活意义的思考。 | |
| 461 | 0 | @12001 @a幼儿教师专业成长丛书 |
| 517 | 1 | @a辛黛瑞拉的教育日记@9xin dai rui la de jiao yu ri ji |
| 606 | 0 | @a学前教育@9xue qian jiao yu@j文集 |
| 690 | @aG61-53@v4 | |
| 701 | 0 | @a高美霞@9gao mei xia@c(女)@4著 |
| 801 | 0 | @aCN@b百万庄@c20170308 |
| 905 | @b1004566-71@dG61-53@e414@f6 | |
| 爬上豆蔓看自己:辛黛瑞拉的教育日记/高美霞著.-北京:北京师范大学出版社,2008 |
| 331页;21cm.-(幼儿教师专业成长丛书) |
| ISBN 978-7-303-08616-0:CNY20.00 |
| 本书记录了一个普通幼儿园教师在和孩子、家长交流中的喜怒哀乐,自己专业成长的足迹,对生活、工作以及生命的感悟与体会。全书共分六部分,第一、二部分介绍了作者的理想教育生活和日常教育生活;第三部分介绍了作者和孩子的沟通、交流;第四部分介绍了作者在教学中的感悟;第五部分介绍了作者和家长的爱心联系;第六部分抒发了作者对生活意义的思考。 |
| ● |
| 相关链接 |
|
|
|
|
正题名:爬上豆蔓看自己
索取号:G61-53/414
 
预约/预借
| 序号 | 登录号 | 条形码 | 馆藏地/架位号 | 状态 | 备注 |
| 1 | 1004566 | 210045663 | 第一样本阅览室/ [索取号:G61-53/414] | 在馆 | |
| 2 | 1004567 | 210045672 | 教育系资料室/ [索取号:G61-53/414] | 在馆 | |
| 3 | 1004568 | 210045681 | 教育系资料室/ [索取号:G61-53/414] | 在馆 | |
| 4 | 1004569 | 210045690 | 教育系资料室/ [索取号:G61-53/414] | 在馆 | |
| 5 | 1004570 | 210045707 | 第四借阅区/ [索取号:G61-53/414] | 在馆 | |
| 6 | 1004571 | 210045716 | 第四借阅区/ [索取号:G61-53/414] | 在馆 |